[Event "IEWCC"]
[Site "Istanbul TUR"]
[Date "2003.06.12"]
[Round "9"]
[White "Pokorna,Reg"]
[Black "Velikhanli,F"]
[Result "0-1"]
[WhiteElo "2418"]
[BlackElo "2305"]
[EventDate "2003.06.02"]

1. e4 c5 2. Nf3 g6 3. d4 Bg7 4. Nc3 cxd4 5. Nxd4 Nc6 6. Be3 Nf6 7. Be2 O-O
8. O-O d6 9. h3 Bd7 10. f4 Nxd4 11. Bxd4 Bc6 12. Bf3 Qc7 13. Nd5 Nxd5 14.
exd5 Bxd4+ 15. Qxd4 Bb5 16. Rf2 Qc4 17. Qe3 Rfe8 18. f5 Qc5 19. Qd2 Bd7 20.
fxg6 hxg6 21. Qf4 Kg7 22. Raf1 Rf8 23. c3 e5 24. dxe6 fxe6 25. Qg4 Rf6 26.
Be4 Bb5 27. Bf3 Bxf1 28. Kxf1 Raf8 29. Qe4 d5 30. Qe5 Qc4+ 31. Kg1 Qf4 32.
Qe2 0-1

[Event "IEWCC"]
[Site "Istanbul TUR"]
[Date "2003.06.12"]
[Round "9"]
[White "Vasilevich,T"]
[Black "Tkeshelashvili,S"]
[Result "1-0"]
[WhiteElo "2410"]
[BlackElo "2293"]
[EventDate "2003.06.02"]

1. d4 d5 2. c4 c6 3. Nf3 Nf6 4. Nc3 e6 5. Bg5 h6 6. Bxf6 Qxf6 7. Qb3 Nd7 8.
e4 dxe4 9. Nxe4 Qg6 10. Ng3 h5 11. Bd3 Qh6 12. O-O h4 13. Ne4 Be7 14. Rfe1
h3 15. g3 O-O 16. c5 Qh5 17. Nd6 b6 18. Ne5 Nxe5 19. Rxe5 Qg4 20. Be4 Bxd6
21. cxd6 f5 22. Bxc6 Qxd4 23. Ree1 Rb8 24. d7 Ba6 25. Qxe6+ Kh7 26. Rad1
Qc4 27. Qd6 Rbd8 28. Rd4 1-0

[Event "IEWCC"]
[Site "Istanbul TUR"]
[Date "2003.06.12"]
[Round "9"]
[White "Ciuksyte,D"]
[Black "Fakhiridou,E"]
[Result "0-1"]
[WhiteElo "2375"]
[BlackElo "2276"]
[EventDate "2003.06.02"]

1. e4 c5 2. Nf3 Nc6 3. d4 cxd4 4. Nxd4 Nf6 5. Nc3 e6 6. Nxc6 bxc6 7. e5 Nd5
8. Ne4 Qc7 9. f4 Rb8 10. c4 Bb4+ 11. Ke2 O-O 12. cxd5 cxd5 13. Nd6 f6 14.
Nxc8 fxe5 15. a3 Bc5 16. b4 exf4 17. Bb2 Rfxc8 18. Rc1 Qb6 19. Kf3 Be3 20.
Rxc8+ Rxc8 21. Bd3 d4 22. Qb1 h6 23. Rd1 Kh8 24. Bg6 d5 25. Qd3 e5 26. Qf5
Qb8 27. Bf7 Rf8 28. Qd7 e4+ 29. Kg4 f3 30. g3 f2 31. Qxd5 Qc7 32. Bg6 Qc8+
0-1

[Event "IEWCC"]
[Site "Istanbul TUR"]
[Date "2003.06.12"]
[Round "9"]
[White "Sharevich,A"]
[Black "Voiska,M"]
[Result "1/2-1/2"]
[WhiteElo "2252"]
[BlackElo "2354"]
[EventDate "2003.06.02"]

1. d4 d5 2. Nf3 Nf6 3. c4 c6 4. Nc3 a6 5. a4 e6 6. g3 Bb4 7. Bg2 Nbd7 8.
O-O O-O 9. Qc2 a5 10. Bf4 Qe7 11. c5 Qd8 12. Na2 b6 13. Nxb4 axb4 14. cxb6
Qxb6 15. Rfc1 Bb7 16. Bd6 Rfc8 17. Bc5 Nxc5 18. dxc5 Qd8 19. Ne5 Ba6 20. b3
Qc7 21. Qb2 Rd8 22. e3 Nd7 23. f4 Nxe5 24. fxe5 Rf8 25. Bf1 f5 26. exf6
Rxf6 27. Bxa6 Rxa6 28. Rf1 Rxf1+ 29. Rxf1 Ra8 30. Qd4 Rb8 31. Kg2 e5 32.
Qg4 Qc8 33. Qg5 Qe6 34. Qh4 1/2-1/2

[Event "IEWCC"]
[Site "Istanbul TUR"]
[Date "2003.06.12"]
[Round "9"]
[White "Koskela,N"]
[Black "Zhukova,N"]
[Result "0-1"]
[WhiteElo "2312"]
[BlackElo "2448"]
[EventDate "2003.06.02"]

1. e4 e6 2. d3 c5 3. Nf3 Nc6 4. g3 Nge7 5. Bg2 g6 6. O-O Bg7 7. c3 e5 8.
Be3 d6 9. d4 exd4 10. cxd4 Bg4 11. dxc5 dxc5 12. Nbd2 b6 13. Rb1 O-O 14. a3
Nd4 15. Bxd4 cxd4 16. Qa4 a6 17. e5 Ra7 18. Rbd1 b5 19. Qb3 Nc6 20. Rfe1
Re8 21. h3 Be6 22. Qc2 Rc7 23. Qe4 Bf5 24. Qf4 Bc2 25. Rc1 d3 26. Re4 Rce7
27. Rce1 Qb8 28. Kh1 Nxe5 29. h4 Qd6 30. h5 Qf6 31. hxg6 hxg6 32. Nd4 Nd7
33. Qxf6 Bxf6 34. Rxe7 Rxe7 35. Rxe7 Bxe7 36. N2b3 Nc5 37. Bd5 Bf6 38. Nxc5
d2 39. Bf3 Bxd4 40. Nxa6 Be4 0-1

[Event "IEWCC"]
[Site "Istanbul TUR"]
[Date "2003.06.12"]
[Round "9"]
[White "Mamedjarova,Z"]
[Black "Sedina,E"]
[Result "1-0"]
[WhiteElo "2298"]
[BlackElo "2434"]
[EventDate "2003.06.02"]

1. d4 Nf6 2. c4 c5 3. d5 b5 4. Qc2 g6 5. e4 Bg7 6. Nf3 O-O 7. h3 bxc4 8.
Bxc4 e6 9. O-O exd5 10. exd5 d6 11. Bf4 Na6 12. Nc3 Nc7 13. Rfe1 Rb8 14. a3
a6 15. Re2 Nb5 16. Rae1 Bf5 17. Qd2 Re8 18. Bxb5 axb5 19. g4 Rxe2 20. Qxe2
b4 21. axb4 cxb4 22. Nb5 Be4 23. Nxd6 Bxd5 24. Ng5 Ra8 25. Ngxf7 Qf8 26.
Ng5 Nh5 27. Be5 Nf4 28. Qe3 Bxe5 29. Qxe5 Ra6 30. Nc8 Re6 31. Ne7+ Qxe7 32.
Nxe6 Nxh3+ 33. Kh2 Nxf2 34. Qb8+ Kf7 35. Nd8+ 1-0

[Event "IEWCC"]
[Site "Istanbul TUR"]
[Date "2003.06.12"]
[Round "9"]
[White "Calzetta,M"]
[Black "Zielinska,Mar"]
[Result "1-0"]
[WhiteElo "2253"]
[BlackElo "2430"]
[EventDate "2003.06.02"]

1. e4 e6 2. d4 d5 3. Nd2 Nf6 4. e5 Nfd7 5. Bd3 c5 6. c3 Nc6 7. Ngf3 cxd4 8.
cxd4 f6 9. exf6 Qxf6 10. O-O Bd6 11. Re1 O-O 12. Bxh7+ Kxh7 13. Rxe6 Qf5
14. Rxd6 Nb6 15. Nf1 Kg8 16. Ne3 Qf7 17. Qc2 Qe7 18. Qg6 Rxf3 19. gxf3 Nxd4
20. Kg2 Qf8 21. Qg3 Ne2 22. Qe5 Nf4+ 23. Kg1 Bh3 24. Nc2 Ne2+ 25. Qxe2 Qxd6
26. Qd3 Nc4 27. b3 Ne5 28. Bf4 Qe6 29. Bxe5 Qxe5 30. f4 Qh5 31. Re1 Rf8 32.
Re3 Bc8 33. Qd4 Qf5 34. Rg3 Rf6 35. Ne3 Qb1+ 36. Nf1 Qe4 37. Qxf6 1-0

[Event "IEWCC"]
[Site "Istanbul TUR"]
[Date "2003.06.12"]
[Round "9"]
[White "Janjgava,N"]
[Black "Dworakowska,J"]
[Result "1/2-1/2"]
[WhiteElo "2286"]
[BlackElo "2387"]
[EventDate "2003.06.02"]

1. Nf3 d6 2. g3 e5 3. d3 g6 4. Bg2 Bg7 5. c4 f5 6. O-O Nf6 7. Nc3 O-O 8.
Rb1 h6 9. b4 Qe8 10. Qb3 c6 11. Nd2 Kh7 12. a4 Nbd7 13. a5 Nb8 14. a6 c5
15. Nb5 cxb4 16. Nxd6 Qe6 17. Nxc8 Rxc8 1/2-1/2

[Event "IEWCC"]
[Site "Istanbul TUR"]
[Date "2003.06.12"]
[Round "9"]
[White "Motoc,A"]
[Black "Llaneza Vega,P"]
[Result "1-0"]
[WhiteElo "2358"]
[BlackElo "2294"]
[EventDate "2003.06.02"]

1. d4 Nf6 2. c4 g6 3. Nc3 Bg7 4. e4 d6 5. h3 O-O 6. Bg5 c5 7. d5 e6 8. Bd3
exd5 9. cxd5 Re8 10. Nf3 c4 11. Bc2 b5 12. a3 Na6 13. O-O Nc5 14. Re1 h6
15. Bf4 Bb7 16. Qd2 g5 17. Bh2 a5 18. Rad1 b4 19. axb4 axb4 20. Nb5 b3 21.
Nxd6 bxc2 22. Qxc2 Re7 23. Qxc4 Qb6 24. b4 Ncd7 25. e5 Nxe5 26. Bxe5 Rxe5
27. Nxe5 Qxd6 28. Nc6 Kh8 29. b5 Nd7 30. Qe4 Bf6 31. Qf5 Kg7 32. Nd4 Bxd5
33. Qd3 Bxd4 34. Qxd4+ Nf6 35. Ra1 Rxa1 36. Rxa1 Qf4 37. Qxf4 gxf4 38. Ra7
f3 39. gxf3 Bxf3 40. b6 Nh7 41. b7 Bxb7 42. Rxb7 Ng5 43. Kg2 Ne6 44. Kg3
Kg6 45. Kg4 Nc5 46. Rb6+ Ne6 47. Ra6 Kf6 48. f4 Kg7 49. Kf5 Nf8 50. h4 Nh7
51. Ra2 Nf8 52. Rg2+ Kh7 53. Kf6 Ng6 54. Rg4 h5 55. Rxg6 fxg6 56. Kf7 Kh6
57. Kg8 g5 58. f5 gxh4 59. f6 1-0

[Event "IEWCC"]
[Site "Istanbul TUR"]
[Date "2003.06.12"]
[Round "9"]
[White "Petrenko,S"]
[Black "Dergatschova Daus,A"]
[Result "1-0"]
[WhiteElo "2348"]
[BlackElo "2250"]
[EventDate "2003.06.02"]

1. e4 e5 2. Nf3 Nc6 3. Bb5 Nf6 4. O-O Bc5 5. Qe2 O-O 6. c3 d6 7. d3 Bg4 8.
h3 Bh5 9. Be3 Bxe3 10. Qxe3 Nd7 11. Nbd2 Ne7 12. d4 c6 13. Bd3 Bg6 14. dxe5
dxe5 15. Nc4 Qc7 16. Nh4 b5 17. Nd2 Qb6 18. Nxg6 Nxg6 19. Qxb6 axb6 20. Nf3
Nc5 21. Bc2 Rfd8 22. Rfd1 f6 23. b4 Na4 24. Bxa4 bxa4 25. g3 Kf7 26. Kf1
Ke7 27. Ke2 Nf8 28. Nh4 g6 29. Ng2 Ne6 30. h4 c5 31. Ne3 cxb4 32. Nd5+ Kf7
33. cxb4 Nd4+ 34. Kf1 b5 35. Rac1 Rac8 36. Kg2 f5 37. f3 h6 38. Kf2 Ke6 39.
Nc7+ Kf7 40. Rc5 fxe4 41. fxe4 Ne6 42. Rxd8 Rxd8 43. Nxe6 Kxe6 44. Ke3 Rb8
45. Rc6+ Kf7 46. g4 a3 47. Rc3 Rb6 48. g5 hxg5 49. hxg5 Rb8 50. Rxa3 Rh8
51. Ra7+ Ke6 52. Rg7 Rh3+ 53. Kf2 Rh2+ 54. Kg3 Rxa2 55. Rxg6+ Ke7 56. Rb6
Re2 57. Kf3 Re1 58. Rxb5 Kd6 59. Rb6+ Ke7 60. g6 Rf1+ 61. Ke2 Rg1 62. Kd3
Rg4 63. b5 Kf8 64. Re6 Kg7 65. b6 Rg1 66. Kc4 Rb1 67. Kc5 Rb2 68. Kc6 Rc2+
69. Kd6 Rd2+ 70. Kxe5 Rd7 71. Rc6 Re7+ 72. Kd5 Rd7+ 73. Rd6 Re7 74. e5 Kh6
75. Kc6 Rxe5 76. b7 1-0

[Event "IEWCC"]
[Site "Istanbul TUR"]
[Date "2003.06.12"]
[Round "9"]
[White "Galojan,L"]
[Black "Pogonina,N"]
[Result "0-1"]
[WhiteElo "2242"]
[BlackElo "2347"]
[EventDate "2003.06.02"]

1. d4 Nf6 2. c4 c5 3. d5 b5 4. cxb5 a6 5. b6 e6 6. Nc3 exd5 7. Nxd5 Nxd5 8.
Qxd5 Nc6 9. Nf3 Rb8 10. Bd2 Be7 11. Bc3 O-O 12. e4 Rxb6 13. Bc4 Nb4 14. Qd2
Bb7 15. O-O-O Bxe4 16. Qxd7 Bg5+ 17. Nxg5 Qxg5+ 18. Qd2 Qg6 19. a3 Nc2 20.
Bd3 Nd4 21. Kb1 Qxg2 22. Bxe4 Qxe4+ 23. Qd3 Qxd3+ 24. Rxd3 Rf6 25. Rf1 Rf4
26. Re3 h6 27. Re7 Rc8 28. Rd7 Ne6 29. Rd5 Kh7 30. h3 0-1

[Event "IEWCC"]
[Site "Istanbul TUR"]
[Date "2003.06.12"]
[Round "9"]
[White "Shukurova,M"]
[Black "Calotescu,C"]
[Result "1-0"]
[WhiteElo "2250"]
[BlackElo "2334"]
[EventDate "2003.06.02"]

1. e4 c5 2. Nf3 d6 3. Nc3 g6 4. d4 cxd4 5. Nxd4 Bg7 6. g3 Nc6 7. Nde2 Nf6
8. Bg2 O-O 9. O-O Bd7 10. h3 Ne5 11. Kh2 Bc6 12. f4 Ned7 13. Be3 Nb6 14. b3
Rc8 15. Qd2 Qc7 16. Rac1 e6 17. a4 Nbd7 18. Rfd1 Ne8 19. Nd4 a6 20. Nce2
Qb8 21. c4 e5 22. Nxc6 bxc6 23. b4 Rd8 24. f5 gxf5 25. exf5 Qc8 26. b5 c5
27. Qa5 axb5 28. cxb5 Bf6 29. Bh6 Bg7 30. Bxg7 Nxg7 31. Rxd6 Nxf5 32. Rc6
Qb8 33. Ra6 e4 34. Nf4 Qe5 35. Qc3 Nd4 36. b6 h5 37. Qe3 Nf6 38. Ra5 Rc8
39. b7 Rc7 40. Rb1 Rb8 41. Nd3 Qd6 42. Qg5+ Kf8 43. Nxc5 Nf3+ 44. Bxf3 exf3
45. Ra8 Rc6 46. Rxb8+ Qxb8 47. Qf4 Rc7 48. Qxc7 1-0

[Event "IEWCC"]
[Site "Istanbul TUR"]
[Date "2003.06.12"]
[Round "9"]
[White "Richards,H"]
[Black "Gvetadze,S"]
[Result "0-1"]
[WhiteElo "2237"]
[BlackElo "2320"]
[EventDate "2003.06.02"]

1. e4 d5 2. exd5 Nf6 3. Nf3 Nxd5 4. d4 g6 5. Be2 Bg7 6. O-O O-O 7. c4 Nb6
8. Nc3 c6 9. h3 Qc7 10. Be3 Rd8 11. Qb3 e6 12. a4 Qe7 13. Rad1 Na6 14. a5
Nd7 15. d5 Nf8 16. dxc6 bxc6 17. Ne4 Rxd1 18. Rxd1 Rb8 19. Qd3 Rxb2 20. Bd4
Nb4 21. Qc3 Rxe2 22. Bxg7 Rxe4 23. Bf6 Qc5 24. Rd8 Rxc4 25. Qd2 Rc2 26. Qg5
Qxf2+ 27. Kh2 Nd5 28. Bd4 f6 29. Rxf8+ Kxf8 30. Qh6+ Kg8 31. Bxf2 Rxf2 32.
Qc1 Bd7 33. Nd4 g5 34. Nxc6 Nf4 35. Nd8 Rxg2+ 36. Kh1 Rg3 37. Qc7 Rxh3+ 38.
Kg1 Rg3+ 39. Kh1 Be8 40. Qe7 Bh5 41. Kh2 Rg2+ 42. Kh1 Rf2 43. Qa3 Bf3+ 44.
Qxf3 Rxf3 45. Nc6 Ra3 0-1

[Event "IEWCC"]
[Site "Istanbul TUR"]
[Date "2003.06.12"]
[Round "9"]
[White "Makka,I"]
[Black "Stjazhkina,O"]
[Result "1-0"]
[WhiteElo "2234"]
[BlackElo "2313"]
[EventDate "2003.06.02"]

1. e4 e5 2. Nf3 Nc6 3. Bb5 f5 4. d3 fxe4 5. dxe4 Nf6 6. O-O Bc5 7. Qe2 d6
8. Qc4 Qe7 9. Nc3 Bd7 10. Bg5 a6 11. Bxc6 Bxc6 12. a4 Ba7 13. Nh4 Qf7 14.
Qe2 O-O 15. Nf5 Kh8 16. Ng3 Qg6 17. Be3 Bd4 18. f3 Bxc3 19. bxc3 a5 20. Nf5
Rae8 21. Bf2 d5 22. Bh4 dxe4 23. fxe4 Bxe4 24. Bxf6 Bxf5 25. Bxe5 c6 26.
Rf2 Bg4 27. Raf1 Rxf2 28. Qxf2 h6 29. Qd4 Kh7 30. Re1 Bf3 31. Qf2 Bd5 1-0

[Event "IEWCC"]
[Site "Istanbul TUR"]
[Date "2003.06.12"]
[Round "9"]
[White "Arakhamia,K"]
[Black "Nill,J"]
[Result "1/2-1/2"]
[WhiteElo "2413"]
[BlackElo "2271"]
[EventDate "2003.06.02"]

1. e4 e5 2. Nf3 Nc6 3. Bb5 a6 4. Ba4 Nf6 5. d3 d6 6. c3 g6 7. O-O Bg7 8.
Re1 O-O 9. h3 b5 10. Bb3 Re8 11. a4 Bb7 12. Na3 Qd7 13. Bd2 Nd8 14. c4 c6
15. Rc1 Rc8 16. Qe2 Nh5 17. Qf1 Nf4 18. d4 bxa4 19. Bxa4 Nfe6 20. dxe5 dxe5
21. b4 Qe7 22. c5 a5 23. bxa5 Nxc5 24. Bb4 Nde6 25. Qc4 Bf8 26. Nxe5 Qg5
27. Nf3 Qf4 28. Bd2 Qc7 29. Bc2 Ba6 30. Qc3 Nf4 31. Nc4 Rcd8 32. Bxf4 Qxf4
33. Nce5 Qf6 34. Bb1 Bc8 35. Ba2 Be6 36. Bxe6 Rxe6 37. Ng4 Qxc3 38. Rxc3 h5
39. Nge5 Kg7 40. Rce3 Rde8 41. Nc4 Rxe4 42. Rxe4 Rxe4 43. Rxe4 Nxe4 44.
Nfe5 Bc5 45. Nxc6 Nxf2 46. Kf1 Ne4 47. a6 g5 48. a7 Bxa7 49. Nxa7 g4 50. h4
f5 51. Nb5 f4 52. Nbd6 Ng3+ 53. Kf2 Kf6 54. Nd2 Ke5 55. Nf7+ Kf6 56. Nd6
Ke5 57. Nf7+ Kf6 58. Ng5 Nf5 59. Nde4+ Ke5 60. g3 fxg3+ 61. Nxg3 Nxh4 62.
Nxh5 1/2-1/2

[Event "IEWCC"]
[Site "Istanbul TUR"]
[Date "2003.06.12"]
[Round "9"]
[White "Stepovaia Dianchenko,T"]
[Black "Smokina,K"]
[Result "1/2-1/2"]
[WhiteElo "2394"]
[BlackElo "2269"]
[EventDate "2003.06.02"]

1. e4 c5 2. d3 Nc6 3. f4 g6 4. Nf3 Bg7 5. g3 e6 6. Bg2 Nge7 7. O-O d6 8. c3
O-O 9. Be3 Rb8 10. d4 b6 11. Re1 Ba6 12. a4 cxd4 13. Nxd4 Nxd4 14. Bxd4 e5
15. Be3 f5 16. Na3 fxe4 17. fxe5 d5 18. Bg5 Bd3 19. Qb3 Kh8 20. Bf1 h6 21.
Bf6 Bxf1 22. Bxg7+ Kxg7 23. Rxf1 Qc7 24. e6 Qe5 25. Nb5 Qxe6 26. Nd4 Qe5
27. Qb5 Rxf1+ 28. Rxf1 Rf8 29. Qd7 Rxf1+ 30. Kxf1 a5 31. Ke1 Qf6 32. Ne6+
Kf7 33. Nf4 e3 34. Ke2 g5 35. Nd3 Kg6 36. Kxe3 Nf5+ 37. Kd2 Nd6 38. Kc2 h5
39. h3 Nf5 40. Qe8+ Kh6 41. g4 hxg4 42. hxg4 Nd6 43. Qe5 Qxe5 44. Nxe5 Kg7
45. b3 b5 46. axb5 Nxb5 47. Nc6 Kf6 48. Kd3 Ke6 49. Nxa5 Ke5 50. Nc6+ Kf4
51. Nd4 Nd6 52. b4 Kxg4 53. b5 Kf4 54. b6 g4 55. Ne6+ Kf3 56. Ng5+ Kf4 57.
Ne6+ Kf3 58. Ng5+ 1/2-1/2

[Event "IEWCC"]
[Site "Istanbul TUR"]
[Date "2003.06.12"]
[Round "9"]
[White "Kononenko,T"]
[Black "Makropoulou,M"]
[Result "0-1"]
[WhiteElo "2370"]
[BlackElo "2234"]
[EventDate "2003.06.02"]

1. d4 g6 2. c4 Bg7 3. e4 Nc6 4. Be3 e5 5. Ne2 exd4 6. Nxd4 Qf6 7. Nxc6 Qxc6
8. Qc2 Nf6 9. f3 d5 10. e5 Nd7 11. f4 f6 12. Nc3 dxc4 13. O-O-O fxe5 14.
Nd5 Nf6 15. Nxf6+ Bxf6 16. fxe5 Bxe5 17. Bh6 c3 18. bxc3 Be6 19. Be2 Rd8
20. Bf3 Rxd1+ 21. Rxd1 Qxc3 22. Qxc3 Bxc3 23. Bxb7 Ke7 24. Be3 Rb8 25. Bc5+
Kf7 26. Bd5 Bb2+ 27. Kc2 Bf6 28. Bb3 Bxb3+ 29. axb3 Ke6 30. Bxa7 Ra8 31.
Re1+ Kd5 32. Rd1+ Kc6 33. Rf1 Be5 34. Bf2 Ra2+ 35. Kd3 Rb2 36. Kc4 Rc2+ 37.
Kd3 Rb2 38. Kc4 Rc2+ 39. Kd3 Rc3+ 40. Ke4 Bxh2 41. Bd4 Rxb3 42. Rh1 Bd6 43.
Be3 Rb4+ 44. Kf3 h5 45. Rd1 Rc4 46. Ra1 Rg4 47. Ra5 Kd7 48. Rb5 Ke6 49. Ra5
Be5 50. Rc5 Kf5 51. Rc6 Bd6 52. Rc3 g5 53. Rd3 Ke6 54. Rc3 Rg3+ 55. Kf2 Rg4
56. Kf3 Kd7 57. Rc2 Ke6 58. Rc3 Kf6 59. Rc6 Rb4 60. Rc2 Kf5 61. Ra2 g4+ 62.
Ke2 h4 63. Ra5+ Be5 64. Bd2 Re4+ 65. Kf2 Rc4 66. Ra3 Rc2 67. Ke1 Rb2 68.
Ra5 Rb3 69. Bh6 Ke4 70. Ra4+ Bd4 71. Bg7 c5 72. Bxd4 cxd4 73. Ra8 Rb1+ 74.
Kf2 g3+ 75. Ke2 Rb2+ 76. Kf1 Rf2+ 77. Kg1 Rc2 78. Kf1 Kd3 0-1

[Event "IEWCC"]
[Site "Istanbul TUR"]
[Date "2003.06.12"]
[Round "9"]
[White "Jiretorn,E"]
[Black "Medic,Mir"]
[Result "1/2-1/2"]
[WhiteElo "2106"]
[BlackElo "2290"]
[EventDate "2003.06.02"]

1. d4 d5 2. c4 e6 3. Nc3 c6 4. Bf4 Bd6 5. Bxd6 Qxd6 6. e3 Nf6 7. Nf3 Nbd7
8. Bd3 O-O 9. O-O e5 10. cxd5 cxd5 11. Nb5 Qe7 12. dxe5 Nxe5 13. Nxe5 Qxe5
14. Nd4 Ng4 15. g3 Bd7 16. Qf3 g6 17. Rac1 Rac8 18. a3 Qd6 19. Qf4 Ne5 20.
Be2 f6 21. h4 Qe7 22. Rfd1 Rfe8 23. Nf3 Bc6 24. b4 a6 25. Nd4 Ba4 26. Rf1
Nc4 27. Bf3 Red8 28. Rc3 Qe5 29. Rfc1 b5 30. Qg4 Kf7 31. h5 f5 32. Qg5 Rd6
33. hxg6+ hxg6 34. Ne2 Rcd8 35. Nf4 Qf6 36. Qxf6+ Kxf6 37. Ne2 g5 38. Nd4
Ke5 39. Rd3 Rh8 40. Bg2 Kf6 41. Ne2 Rhd8 42. Nc3 Nb6 43. Ne2 Nc4 44. Nc3
1/2-1/2

[Event "IEWCC"]
[Site "Istanbul TUR"]
[Date "2003.06.12"]
[Round "9"]
[White "Agababean,N"]
[Black "Flear,C"]
[Result "0-1"]
[WhiteElo "2319"]
[BlackElo "2213"]
[EventDate "2003.06.02"]

1. d4 f5 2. e4 fxe4 3. Nc3 Nf6 4. Bg5 Nc6 5. d5 Ne5 6. Qd4 Nf7 7. Bh4 g5 8.
Bg3 Bg7 9. O-O-O c6 10. Bc4 Qb6 11. Nge2 d6 12. Qxb6 axb6 13. Nd4 b5 14.
Bb3 b4 15. Ne6 Bxe6 16. dxe6 Nd8 17. Ne2 d5 18. Nd4 Nh5 19. Nf5 Bf6 20. f3
Nxg3 21. hxg3 exf3 22. gxf3 Nxe6 23. Rhe1 Nc5 24. Kb1 Nxb3 25. axb3 Kf7 26.
Nh6+ Kg6 27. Ng4 h5 28. Ne5+ Kg7 29. Nd3 Ra7 30. Nxb4 Rha8 31. c3 Ra1+ 32.
Kc2 Rxd1 33. Rxd1 h4 34. gxh4 gxh4 35. Nd3 e5 36. Nf2 Kg6 37. Rg1+ Kf5 38.
Rg4 Rh8 39. Nh3 e4 40. Kd2 Re8 41. Rf4+ Ke5 42. Ke3 Rg8 43. Rg4 Rxg4 44.
fxg4 c5 45. Ke2 d4 46. Kd2 Bg7 47. b4 b6 48. bxc5 bxc5 49. cxd4+ cxd4 50.
b4 Bf8 51. b5 Bb4+ 52. Ke2 d3+ 53. Ke3 Bc5+ 54. Kd2 Kd4 55. Ng1 e3+ 56. Kd1
Ke4 57. Ke1 Kf4 0-1

[Event "IEWCC"]
[Site "Istanbul TUR"]
[Date "2003.06.12"]
[Round "9"]
[White "Kouvatsou,M"]
[Black "Kharashkina,B"]
[Result "1/2-1/2"]
[WhiteElo "2233"]
[BlackElo "2182"]
[EventDate "2003.06.02"]

1. e4 c6 2. d4 d5 3. exd5 cxd5 4. c4 Nf6 5. Nc3 g6 6. cxd5 Nxd5 7. Bc4 Nb6
8. Bb3 Bg7 9. Nf3 O-O 10. O-O Nc6 11. d5 Na5 12. Re1 Nxb3 13. axb3 e6 14.
d6 Bd7 15. Bf4 Bc6 16. Nd4 Qd7 17. Ra5 Rfe8 18. Bg3 a6 19. Qd2 Rac8 20. Rc5
f6 21. Rc1 Red8 22. Nxc6 Rxc6 23. Ne4 e5 24. Rxc6 bxc6 25. Qa5 Rb8 26. Qc5
f5 27. Nd2 Qe6 28. Rd1 Qd5 29. b4 Na4 30. Qc2 Qxd6 31. Qxa4 Rxb4 32. Qc2
Rd4 33. Kf1 Bh6 34. f4 exf4 35. Bf2 Rd5 36. Ke2 Qe6+ 37. Kf1 Qd6 38. Ke2
Qe6+ 39. Kf1 Qd6 40. Ke2 1/2-1/2

[Event "IEWCC"]
[Site "Istanbul TUR"]
[Date "2003.06.12"]
[Round "9"]
[White "Mamedjarova,T"]
[Black "Hagesaether,E"]
[Result "1-0"]
[WhiteElo "2222"]
[BlackElo "2166"]
[EventDate "2003.06.02"]

1. d4 g6 2. c4 Bg7 3. Nc3 Nf6 4. e4 d6 5. f4 O-O 6. Nf3 c5 7. d5 e6 8. Be2
exd5 9. cxd5 Na6 10. O-O Nc7 11. e5 dxe5 12. d6 Ne6 13. fxe5 Nd7 14. Qd5
Qb6 15. Bc4 Qc6 16. Qxc6 bxc6 17. Re1 h6 18. Bxe6 fxe6 19. Re4 Rb8 20. a3
g5 21. h4 Rf5 22. hxg5 hxg5 23. Nxg5 Bxe5 24. Nf3 Bxd6 25. Rxe6 Bf8 26. Ne4
Bg7 27. Nd6 Rf8 28. Rg6 Rf6 29. Rxf6 Nxf6 30. Bf4 Bg4 31. Nc4 Rd8 32. Nfe5
Bh5 33. Nxc6 Rd7 34. Re1 Ng4 35. N6e5 Bxe5 36. Bxe5 Bf7 37. Bc3 1-0

[Event "IEWCC"]
[Site "Istanbul TUR"]
[Date "2003.06.12"]
[Round "9"]
[White "Cedikova,K"]
[Black "Blazkova,P"]
[Result "0-1"]
[WhiteElo "2181"]
[BlackElo "2218"]
[EventDate "2003.06.02"]

1. Nf3 c5 2. c4 Nc6 3. Nc3 g6 4. g3 Bg7 5. Bg2 e6 6. O-O Nge7 7. a3 O-O 8.
Rb1 d5 9. cxd5 exd5 10. d3 Bf5 11. h3 h6 12. Kh2 Rc8 13. Bd2 b6 14. Qc1 Kh7
15. e4 Be6 16. Nh4 Nd4 17. f4 Nb3 18. Qc2 dxe4 19. Bxe4 Nd4 20. Qd1 Bb3 21.
Qe1 f5 22. Bg2 Bc2 23. Rc1 Bxd3 24. Rg1 Nb3 25. g4 Nxc1 26. Bxc1 Bd4 27.
Be3 Qd6 28. Qf2 Bxe3 29. Qxe3 fxg4 30. Nd5 g3+ 31. Qxg3 Nxd5 32. Qxd3 Qxf4+
33. Kh1 Qxh4 34. Bxd5 Rf6 35. Be4 Rg8 36. b3 Rg7 37. a4 Re6 38. Bg2 Qd4 39.
Qc2 Rge7 40. Kh2 Qf4+ 41. Kh1 Re1 42. Qc3 Rxg1+ 43. Kxg1 Qe3+ 0-1

[Event "IEWCC"]
[Site "Istanbul TUR"]
[Date "2003.06.12"]
[Round "9"]
[White "Sasu Ducsoara,An"]
[Black "Andersson,C"]
[Result "0-1"]
[WhiteElo "2193"]
[BlackElo "2142"]
[EventDate "2003.06.02"]

1. e4 e6 2. d4 d5 3. Nc3 Nf6 4. Bg5 Bb4 5. e5 h6 6. Bd2 Bxc3 7. bxc3 Ne4 8.
Qg4 Kf8 9. Bd3 Nxd2 10. Kxd2 c5 11. Nf3 Nc6 12. Rhb1 a6 13. Qf4 c4 14. Bg6
Qe7 15. h4 Rb8 16. Ng1 b5 17. a3 Bd7 18. Bh5 Be8 19. Ne2 a5 20. g3 b4 21.
cxb4 axb4 22. Qe3 g6 23. Bg4 Kg7 24. axb4 Rxb4 25. Rxb4 Qxb4+ 26. Qc3 Qb6
27. Kc1 Bd7 28. Qf3 Rb8 29. Qc3 Nb4 30. Kd2 h5 31. Bh3 Nc6 32. f4 Bc8 33.
Bg2 Bb7 34. Bf3 Ra8 35. Rxa8 Bxa8 36. Qa1 Bb7 37. Ke3 Qb4 38. Nc3 Nxd4 39.
Bd1 Nf5+ 40. Kf2 d4 41. Ne2 Qd2 42. Qc1 Qa5 43. Ng1 Qc3 44. Bf3 Bxf3 45.
Nxf3 d3 0-1

[Event "IEWCC"]
[Site "Istanbul TUR"]
[Date "2003.06.12"]
[Round "9"]
[White "Ozturk,K"]
[Black "Sikorova,O"]
[Result "0-1"]
[WhiteElo "1948"]
[BlackElo "2261"]
[EventDate "2003.06.02"]

1. c4 c5 2. Nc3 Nc6 3. Nf3 g6 4. e3 Bg7 5. d4 b6 6. Be2 d6 7. O-O Nf6 8. d5
Nb4 9. a3 Na6 10. e4 O-O 11. Ne1 e5 12. f4 exf4 13. Bxf4 Qe7 14. Bf3 Nd7
15. Nd3 Nc7 16. Re1 Ne5 17. Nxe5 Bxe5 18. Qd2 a6 19. g3 b5 20. Bxe5 Qxe5
21. b3 Bd7 22. Ne2 Rab8 23. Qf4 Rfe8 24. Rab1 f6 25. Kg2 Na8 26. Qd2 Rb6
27. Qc2 Reb8 28. h4 bxc4 29. bxc4 Rb2 30. Rxb2 Rxb2 31. Qd3 Ba4 32. Kg1 Rb3
33. Qc2 Rxa3 34. Qb1 Rxf3 35. Qb8+ Be8 36. Qxa8 Qxe4 37. Qb8 Qe3+ 38. Kh1
Rf2 39. Ng1 Qxe1 40. Qxd6 Qe4+ 0-1

[Event "IEWCC"]
[Site "Istanbul TUR"]
[Date "2003.06.12"]
[Round "9"]
[White "Genova,R"]
[Black "Yildiz,B"]
[Result "0-1"]
[WhiteElo "2239"]
[BlackElo "2119"]
[EventDate "2003.06.02"]

1. d4 d5 2. Nf3 e6 3. c4 c6 4. e3 f5 5. g3 Bd6 6. Bg2 Nf6 7. b3 Nbd7 8. O-O
Qe7 9. Bb2 O-O 10. Nbd2 Ne4 11. Ne5 Ndf6 12. Ndf3 Bd7 13. Nd3 Be8 14. Nfe5
Nd7 15. Qc2 g5 16. f3 Nef6 17. c5 Bc7 18. b4 Nxe5 19. dxe5 Nd7 20. e4 fxe4
21. fxe4 Bg6 22. Qe2 a5 23. a3 b6 24. exd5 cxd5 25. c6 Bxd3 26. Qxd3 Nxe5
27. Qc3 axb4 28. axb4 Rxa1 29. Rxa1 b5 30. Re1 Bb6+ 31. Kh1 d4 32. Qb3 Qd6
33. Bc1 h6 34. h4 Nc4 35. hxg5 d3 36. Bf4 Rxf4 37. gxf4 Qxf4 38. Re4 Qc1+
39. Kh2 Bc7+ 40. Kh3 Qg1 41. Qa2 Qh2+ 0-1

[Event "IEWCC"]
[Site "Istanbul TUR"]
[Date "2003.06.12"]
[Round "9"]
[White "Seps,M"]
[Black "Stiri,A"]
[Result "1-0"]
[WhiteElo "2095"]
[BlackElo "2178"]
[EventDate "2003.06.02"]

1. e4 c5 2. Nf3 e6 3. d4 cxd4 4. Nxd4 a6 5. Bd3 Bc5 6. Nb3 Be7 7. Qg4 g6 8.
Qe2 d6 9. O-O Nd7 10. c4 b6 11. Nc3 Bb7 12. Kh1 Qc7 13. f4 h5 14. f5 Ne5
15. Bf4 Nf6 16. fxe6 fxe6 17. Nd4 Nxd3 18. Qxd3 e5 19. Bg5 Nh7 20. Bxe7
Qxe7 21. Nf3 h4 22. Rad1 O-O-O 23. Na4 Kc7 24. Qe3 Nf6 25. Nd2 Nd7 26. b4
Bc6 27. Nc3 Nf6 28. b5 axb5 29. cxb5 Bb7 30. Nc4 Nh5 31. Qxb6+ Kc8 32. Kg1
Ng3 33. Nxd6+ Rxd6 34. Qxd6 Qg7 35. Qe6+ Kb8 36. Rf7 Qh6 37. Qb6 1-0

[Event "IEWCC"]
[Site "Istanbul TUR"]
[Date "2003.06.12"]
[Round "9"]
[White "Nagel,Y"]
[Black "Kopinits,A"]
[Result "1-0"]
[WhiteElo "2068"]
[BlackElo "2127"]
[EventDate "2003.06.02"]

1. e4 Nf6 2. e5 Nd5 3. d4 d6 4. c4 Nb6 5. exd6 cxd6 6. Nc3 g6 7. Be3 Bg7 8.
Nf3 O-O 9. Rc1 Bg4 10. Be2 d5 11. c5 Nc8 12. Qb3 Qd7 13. Qxd5 Rd8 14. Qxd7
Rxd7 15. Ne5 Bxe5 16. Bxg4 f5 17. Bxf5 gxf5 18. dxe5 e6 19. O-O Nc6 20. f4
Rd3 21. Kf2 N8e7 22. Rfd1 Rad8 23. Ke2 Rxd1 24. Rxd1 Rxd1 25. Kxd1 Nb4 26.
Kd2 a6 27. a3 Nbd5 28. Nxd5 Nxd5 29. Kd3 Kf7 30. Bd2 Ke8 31. h3 h5 32. g3
Kd7 33. b4 Kc6 34. Kc4 b5+ 35. cxb6 Nxb6+ 36. Kb3 Kd5 37. a4 Ke4 38. a5 Nc8
39. Kc4 Kf3 40. b5 axb5+ 41. Kxb5 Kxg3 42. Kc6 Kxh3 43. Kb7 Kg4 44. Kxc8 h4
45. a6 1-0